Furniture marketing : (Record no. 20077)

MARC details
000 -LEADER
fixed length control field 00915cam a22002775a 4500
001 - CONTROL NUMBER
control field 12810529
005 - DATE AND TIME OF LATEST TRANSACTION
control field 20160110145109.0
008 - FIXED-LENGTH DATA ELEMENTS--GENERAL INFORMATION
fixed length control field 020607t2004 nyua frd 001 0 eng d
020 ## - INTERNATIONAL STANDARD BOOK NUMBER
International Standard Book Number 1563673010
020 ## - INTERNATIONAL STANDARD BOOK NUMBER
International Standard Book Number 9781563673016
040 ## - CATALOGING SOURCE
Original cataloging agency DLC
Language of cataloging eng
Transcribing agency DLC
Modifying agency DLC
-- EG-ScBUE
043 ## - GEOGRAPHIC AREA CODE
Geographic area code n-us---
082 04 - DEWEY DECIMAL CLASSIFICATION NUMBER
Classification number 684.10688
Edition number 22
Item number BEN
100 1# - MAIN ENTRY--PERSONAL NAME
Personal name Bennington, Richard R.
9 (RLIN) 39002
245 10 - TITLE STATEMENT
Title Furniture marketing :
Remainder of title from product development to distribution /
Statement of responsibility, etc Richard R. Bennington.
250 ## - EDITION STATEMENT
Edition statement 2nd ed.
260 ## - PUBLICATION, DISTRIBUTION, ETC. (IMPRINT)
Place of publication, distribution, etc New York :
Name of publisher, distributor, etc Fairchild Publications,
Date of publication, distribution, etc c.2004.
300 ## - PHYSICAL DESCRIPTION
Extent xv, 447 p. :
Other physical details ill. ;
Dimensions 25 cm.
500 ## - GENERAL NOTE
General note Index : p. 433-447.
500 ## - GENERAL NOTE
General note Glossary : p. 401-432.
650 #0 - SUBJECT ADDED ENTRY--TOPICAL TERM
Topical term or geographic name as entry element Furniture industry and trade
Geographic subdivision United States.
Source of heading or term BUEsh
650 #7 - SUBJECT ADDED ENTRY--TOPICAL TERM
Topical term or geographic name as entry element Furniture
General subdivision Marketing.
Source of heading or term BUEsh
9 (RLIN) 39003
650 #7 - SUBJECT ADDED ENTRY--TOPICAL TERM
Topical term or geographic name as entry element Furniture industry and trade.
9 (RLIN) 39004
653 ## - INDEX TERM--UNCONTROLLED
Resource For college BAEPS, Business Administration
Arrived date list June2015
-- January2016
942 ## - ADDED ENTRY ELEMENTS (KOHA)
Source of classification or shelving scheme Dewey Decimal Classification
Holdings
Withdrawn status Lost status Source of classification or shelving scheme Damaged status Not for loan Home library Current library Shelving location Date acquired Source of acquisition Cost, normal purchase price Serial Enumeration / chronology Total Checkouts Total Renewals Full call number Barcode Date last seen Date last borrowed Cost, replacement price Koha item type
    Dewey Decimal Classification     Central Library Central Library First floor 29/06/2015 Purchase 540.00 1091 1 2 684.10688 BEN 000038883 15/07/2025 23/04/2017 675.00 Book - Borrowing